| 000 | 01025nam a2200265 a 4500 | ||
|---|---|---|---|
| 001 | 000015683 | ||
| 003 | DO-SdBNP | ||
| 005 | 20240229073827.0 | ||
| 008 | 100217s2000 dr 000 0 spa d | ||
| 040 |
_aDO-SdBNP _bspa _cBNPHU |
||
| 082 | 4 |
_a342.729302 _bR426c, 2000 _222 |
|
| 110 | 2 |
_aRepública Dominicana. _9447 |
|
| 240 | 1 | 0 | _aConstitución |
| 245 | 1 | 0 |
_aConstitución de la República Dominicana 1994 : _bsíntesis evolución, datos históricos como los referentes a la constituyente / _cRaymundo Amaro Guzmán. |
| 250 | _a2a. ed. | ||
| 260 |
_aSanto Domingo, : _bCORENAP, _c2000. |
||
| 300 |
_a147 p. ; _c21 cm. |
||
| 590 | _aInventariado, 2018/ YL | ||
| 651 | 4 |
_aRepública Dominicana _xConstitución (1994) _935348 |
|
| 651 | 4 |
_aRepública Dominicana _zDerecho constitucional _9449 |
|
| 700 | 1 |
_aAmaro Guzmán, Raymundo _9656 |
|
| 710 | 2 |
_aRepública Dominicana. _bComisión Revisora de las Normas de Administración Pública (CORENAP) _935349 |
|
| 910 | _aValidado. Control de calidad EMS | ||
| 942 |
_2ddc _cLBS1 |
||
| 999 |
_c15235 _d15235 |
||